| 000 | 00462cam a2200193 4500 | ||
|---|---|---|---|
| 001 | B3316 | ||
| 008 | 090401t1990 xxu||||| |||| 00| 0 eng d | ||
| 035 | _a(Sirsi) u55278 | ||
| 041 | _aeng | ||
| 050 | _a711.552 | ||
| 110 |
_aChesterton _92357 |
||
| 245 | _aRetail parks : charting the future | ||
| 260 |
_aLondon _bChesterton _c1990 |
||
| 300 | _a28p. ; 30cm. | ||
| 350 | _a45 | ||
| 520 | _aAccompanied by folded map. | ||
| 942 | _n0 | ||
| 948 | _c04/03/1997 | ||
| 999 |
_c93590 _d93590 |
||